Cyprus : ethnic conflict and international politics : from independence to the threshold of the European Union
Αποθηκεύτηκε σε:
| Κύριος συγγραφέας: | |
|---|---|
| Μορφή: | Βιβλίο |
| Γλώσσα: | English |
| Δημοσίευση: |
London :
Macmillan Press,
1999.
|
| Θέματα: | |
| Ετικέτες: |
Προσθήκη ετικέτας
Δεν υπάρχουν, Καταχωρήστε ετικέτα πρώτοι!
|
MARC
| LEADER | 00000cam a2200000 i 4500 | ||
|---|---|---|---|
| 001 | 1/282 | ||
| 008 | 000403s1999 enk| ||| |||| ||eng|| | ||
| 020 | |a 0333678362 | ||
| 035 | |l 10059602 | ||
| 040 | |a GR-MyUa |b gre |e AACR2 | ||
| 041 | 0 | |a eng | |
| 082 | 7 | |a 956.9304 |2 (22) | |
| 100 | 1 | |a Joseph, Joseph S., |d 1952- | |
| 245 | 1 | 0 | |a Cyprus : |b ethnic conflict and international politics : from independence to the threshold of the European Union / |c Joseph S. Joseph. |
| 260 | |a London : |b Macmillan Press, |c 1999. | ||
| 300 | |a xv, 213 σ. ; |c 23 εκ. | ||
| 504 | |a Περιλαμβάνει βιβλιογραφικές παραπομπές και ευρετήριο. | ||
| 651 | 0 | |a Cyprus |x Foreign relations. | |
| 651 | 0 | |a Cyprus |x Ethnic relations. | |
| 651 | 0 | |a Cyprus |x Politics and government |y 1960- | |
| 852 | |a INST |b LESVOS |e 20000403 |h 956.9304 JOS |p 005100020119 |q 005100020119 |t BK |y 0 | ||
| 901 | |a BIBL1-2000-2 | ||
| 922 | |a 1ΕΛΗ |b 200003 |c ΤΑΚ/ΤΚΑ |d ΠΑΠΑΣΩΤΗΡΙΟΥ | ||
| 950 | |a 117-1999-11-26 | ||
| 970 | |a ΑΙΒΑΤΖΙΔΟΥ |b ΕΛΕΝΗ |z 2000/05/09 | ||